[Event "Las Palmas Insular-chT Segunda 1718"]
[Site "Las Palmas"]
[Date "2017.11.11"]
[Round "2.3"]
[White "Molina Rodriguez, Jose"]
[Black "Deniz Cardenes, Ernesto"]
[Result "0-1"]
[WhiteElo "1050"]
[BlackElo "2000"]
[PlyCount "68"]
[EventDate "2017.10.28"]
[EventType "team-swiss"]
[EventRounds "9"]
[EventCountry "ESP"]
[SourceTitle "EXT 2019"]
[Source "ChessBase"]
[SourceDate "2018.10.10"]
[SourceVersion "1"]
[SourceVersionDate "2018.10.10"]
[SourceQuality "1"]
[WhiteTeam "Sociedad La Montana V"]
[BlackTeam "San Mateo Servitel"]
[WhiteTeamCountry "ESP"]
[BlackTeamCountry "ESP"]

1. e4 e5 2. Nf3 d6 3. Bc4 Be6 4. Bxe6 fxe6 5. c4 c5 6. Nc3 Nc6 7. d3 Be7 8. 0-0 h6 9. h3 Qd7 10. Nh2 Nf6 11. Ng4 0-0-0 12. Ne3 a6 13. Na4 Qc7 14. a3 Nd7 15. Bd2 Nd4 16. b4 b6 17. b5 a5 18. Nc3 Nf6 19. Rb1 Rdg8 20. Na4 Qa7 21. Bxa5 Qxa5 22. Nxb6+ Qxb6 23. Qa4 Kb7 24. Qa6+ Qxa6 25. bxa6+ Kxa6 26. Rb2 Rb8 27. Rfb1 Rxb2 28. Rxb2 Ka7 29. Nd1 Rb8 30. Rxb8 Kxb8 31. Nc3 Kb7 32. a4 Ka6 33. Kf1 Ka5 34. Ke1 Nd7 0-1